| 000 | 00988nam a2200229Ia 4500 | ||
|---|---|---|---|
| 008 | 0000002003 pr ad 0000000000mul00 | ||
| 090 | _aPPR00 V27v | ||
| 245 | 1 | 3 |
_aLa vereda tropical _b: Carlos Cancio |
| 300 |
_a24 p. _c/ 20 cm. |
||
| 500 | _aIncluye cronología del artista \ Titulo tomado de la carátula \ Texto bilingue : Español Inglés \ Registro auspiciado por la FGAA. Bogotá | ||
| 501 | _aEl delivery de la papaya Collective adoration Chisme Ojos verde mar Pop : un bañito 12X16 in symbolic Erotismo trópical Divine eXistence | ||
| 600 | 0 | 0 |
_aCANCIO, CARLOS, 1961/ _xTRABAJOS PICTORICOS |
| 650 | 1 | 4 | _aARTE CONTEMPORANEO PUERTORRIQUEÑO |
| 650 | 1 | 4 | _aARTE POP |
| 650 | 1 | 4 | _aARTISTAS PLASTICOS PUERTORRIQUEÑOS |
| 650 | 1 | 4 | _xCATALOGOS |
| 650 | 1 | 4 | _aECOLOGIA HUMANA |
| 650 | 1 | 4 | _aPINTORES PUERTORRIQUEÑOS |
| 650 | 1 | 4 | _aPINTURA PUERTORRIQUEÑA |
| 650 | 1 | 4 | _aSIMBOLISMO EN EL ARTE |
| 999 |
_c10583 _d10583 |
||
| 260 |
_aSan Juan (Puerto Rico) : Galeria Viota _c2003 |
||